Every Cartoon Network Era - Statistics

General Stats
  • This quiz has been taken 14 times
  • The average score is 6 of 11
Answer Stats
Hint Answer % Correct
1992 to 1997 Checkerboard
86%
2004 to 2006 CN City
86%
2010 to 2016 Check It
71%
2008 to 2010 Noods
71%
2022 Present- Pastel
71%
1998 to 2004 Powerhouse
57%
2006 to 2007 Yes!
57%
1997 to 1998 Starburst
43%
2021 to 2022 Redraw Your World
29%
2007 to 2008 Summer/Fall
29%
2016 to 2021 Dimensional
14%
No matching quizzes found
Score Distribution
Percent of People with Each Score
Percentile by Number Answered
Your Score History
You have not taken this quiz